000 00663nam a2200241Ia 4500
003 OSt
005 20220924114753.0
006 a|||||r|||| 00| 0
007 ta
008 220923b |||||||| |||| 00| 0 ara d
024 _a340311
037 _cTextual
040 _aARTS
_cARTS
_bara
041 _2ara
_aara
082 _aO28,6M89x, K8
100 _aAl-Aqqad Abbas Mahmoud Au.
_9175258
245 0 _aAl-tarifo be Shakespeare
260 _aCairo
_bDar-al-ma'arif Egypt
_c1968
300 _a225p.
_ccm.
650 _aARABIC PROSE
942 _hO28,6M89x, K8
_cTEXL
_2CC
999 _c395198
_d395198